Introducción a los estudios políticos (Registro nro. 984)

Detalles MARC
000 -LEADER
fixed length control field 01204 a2200217 4500
001 - CONTROL NUMBER
control field 22366
005 - DATE AND TIME OF LATEST TRANSACTION
control field 20260407155514.0
008 - FIXED-LENGTH DATA ELEMENTS--GENERAL INFORMATION
fixed length control field 260407a1987 arg spa d
003 - CONTROL NUMBER IDENTIFIER
control field AR-UNSa-BCEJYS
040 ## - CATALOGING SOURCE
Original cataloging agency AR-UNSa-BCEJYS
Language of cataloging spa
Transcribing agency AR-UNSa-BCEJYS
080 ## - UNIVERSAL DECIMAL CLASSIFICATION NUMBER
Universal Decimal Classification number 342.1
Common auxiliary subdivision Estado. Pueblo. Nación. Poder del estado (Derecho político)
020 ## - INTERNATIONAL STANDARD BOOK NUMBER
International Standard Book Number 978-950-14-0087-8
100 1# - MAIN ENTRY--PERSONAL NAME
Personal name López, Mario Justo
245 10 - TITLE STATEMENT
Title Introducción a los estudios políticos
250 ## - EDITION STATEMENT
Edition statement 2a. ed.
264 #1 - PRODUCTION, PUBLICATION, DISTRIBUTION, MANUFACTURE, AND COPYRIGHT NOTICE
Place of production, publication, distribution, manufacture Buenos Aires :
Name of producer, publisher, distributor, manufacturer Ediciones Depalma
Date of production, publication, distribution, manufacture, or copyright notice 1987
300 ## - PHYSICAL DESCRIPTION
Extent 2 v.
Dimensions 23 cm.
505 ## - FORMATTED CONTENTS NOTE
Formatted contents note Vol. I: Teoría política: 1. Realidad política - 2. Conocimiento político - 3. Metodología del conocimiento político - 4. Los temas de la filosofía política - 5. Elementos sociales de la realidad política - 6. El estado, concepto, historia y elementos -- Vol. II: Formas y fuerzas políticas: 7. Poder y derecho - 8. Estado de derecho y situaciones anómalas - 9. Formas de gobierno y regímenes políticos - 10. Formas de estado - 11. Actividad estatal - 12. Factores de la actividad política - 13. Representación y participación - 14. Las fuerzas políticas
590 ## - LOCAL NOTE (RLIN)
Local note niveau_biblio:m niveau_hierar:0
942 ## - ADDED ENTRY ELEMENTS (KOHA)
Koha item type
Existencias
Withdrawn status Lost status Damaged status Not for loan Home library Current library Shelving location Date acquired Total checkouts Full call number Barcode Date last seen Price effective from Koha item type Public note
        Biblioteca Prof. Eusebio Cleto del Rey Biblioteca Prof. Eusebio Cleto del Rey   07/04/2026   342.1 L864i 2ed. v.1 L45355 07/04/2026 07/04/2026 Libro  
        Biblioteca Prof. Eusebio Cleto del Rey Biblioteca Prof. Eusebio Cleto del Rey   07/04/2026   342.1 L864i 2ed. v.2 L45358 07/04/2026 07/04/2026 Libro  
        Biblioteca Prof. Eusebio Cleto del Rey Biblioteca Prof. Eusebio Cleto del Rey   07/04/2026   342.1 L864i 2ed. v.2 L53425 07/04/2026 07/04/2026 Libro  
        Biblioteca Prof. Eusebio Cleto del Rey Biblioteca Prof. Eusebio Cleto del Rey   07/04/2026   342.1 L864i 2ed. v.2 L45357 07/04/2026 07/04/2026 Libro  
        Biblioteca Prof. Eusebio Cleto del Rey Biblioteca Prof. Eusebio Cleto del Rey   07/04/2026   342.1 L864i 2ed. v.1 L53424 07/04/2026 07/04/2026 Libro  
        Biblioteca Prof. Eusebio Cleto del Rey Biblioteca Prof. Eusebio Cleto del Rey   07/04/2026   342.1 L864i 2ed. v.1 L53137 07/04/2026 07/04/2026 Libro TAPA ROTA - LÁPIZ - LAPICERA -
        Biblioteca Prof. Eusebio Cleto del Rey Biblioteca Prof. Eusebio Cleto del Rey   07/04/2026   342.1 L864i 2ed. v.1 L45356 07/04/2026 07/04/2026 Libro  
        Biblioteca Prof. Eusebio Cleto del Rey Biblioteca Prof. Eusebio Cleto del Rey   07/04/2026   342.1 L864i 2ed. v.2 L53138 07/04/2026 07/04/2026 Libro